000 00399nam a2200157Ia 4500
008 230524s9999 xx 000 0 und d
082 _a621.382
_bMEH
100 _aV.K.Mehta
245 0 _aPrinciples of Electrical Engineering and Electronics
250 _a1ST
260 _aNEW DELHI
_bS.Chand
_c2005
300 _aXII;721
500 _aQuantity Number: 2
650 _aElectrical
942 _cBK
999 _c20783
_d20783